Incidence and economic importance of the Gloeosporium leaf disease of Hevea in Ceylon : Part 1- Planters assessment (Record no. 60976)

MARC details
000 -LEADER
fixed length control field 00504nam a2200157Ia 4500
100 ## - MAIN ENTRY--AUTHOR NAME
Personal name Wimalajeewa D L S
245 #0 - TITLE STATEMENT
Title Incidence and economic importance of the Gloeosporium leaf disease of Hevea in Ceylon : Part 1- Planters assessment
260 ## - PUBLICATION, DISTRIBUTION, ETC. (IMPRINT)
Name of publisher Rubber Research Institute of Ceylon Quarterly Journal
Year of publication 1963
300 ## - PHYSICAL DESCRIPTION
Number of Pages 18-24
650 ## - SUBJECT ADDED ENTRY--TOPICAL TERM
Topical Term Ceylon
650 ## - SUBJECT ADDED ENTRY--TOPICAL TERM
Topical Term Gloeosporium leaf disease
650 ## - SUBJECT ADDED ENTRY--TOPICAL TERM
Topical Term Hevea
700 ## - ADDED ENTRY--PERSONAL NAME
Personal name Lloyd J H
942 ## - ADDED ENTRY ELEMENTS (KOHA)
Koha item type Journals
Holdings
Withdrawn status Lost status Damaged status Not for loan Home library Current library Shelving location Date acquired Serial Enumeration / chronology Koha item type
      Journals RRII Library RRII Library Pathology 17/12/2021 Volume 39, Issue 02-Jan Journals